000 00625cab a2200205 4500
001 ABS40551
008 090401t1989 xxu||||| |||| 00| 0 eng d
035 _a(Sirsi) u24678
041 _aeng
100 _aHomer, A.
245 _aFurnished lettings
260 _c1989
350 _a0
490 _aTaxation
_v122(3188) 23 February 1989, 494-497(3)
520 _aExamines the taxation aspects of income from furnished lettings and holiday letting , including caravan sites and company lets , with reference to relevant case law.
690 _aTAXATION
700 _aBurrows, R.
942 _n0
948 _c04/03/1997
999 _c16556
_d16556